Modelleme ve görselleştirme 3ds Max 2010: uygulamalı örnek çizimler (Record no. 47)

000 -LEADER
fixed length control field 01082nmm a2200325 a 4500
001 - CONTROL NUMBER
control field ocm000697807
003 - CONTROL NUMBER IDENTIFIER
control field TR-IsHL
005 - DATE AND TIME OF LATEST TRANSACTION
control field 20201028115046.0
008 - FIXED-LENGTH DATA ELEMENTS--GENERAL INFORMATION
fixed length control field 110704s2009 tu tur
007 - PHYSICAL DESCRIPTION FIXED FIELD--GENERAL INFORMATION
fixed length control field cr cn
020 ## - INTERNATIONAL STANDARD BOOK NUMBER
International Standard Book Number 9786054259038
035 ## - SYSTEM CONTROL NUMBER
System control number 697807
-- (N$T)
050 04 - LIBRARY OF CONGRESS CALL NUMBER
Classification number TR897.7
Item number B66 2009
090 04 - LOCALLY ASSIGNED LC-TYPE CALL NUMBER (OCLC); LOCAL CALL NUMBER (RLIN)
Classification number (OCLC) (R) ; Classification number, CALL (RLIN) (NR) TR897.7
Local cutter number (OCLC) ; Book number/undivided call number, CALL (RLIN) B66 2009
100 1# - MAIN ENTRY--PERSONAL NAME
Personal name Bora, Halil
245 10 - TITLE STATEMENT
Title Modelleme ve görselleştirme 3ds Max 2010: uygulamalı örnek çizimler
Medium [electronic resource] /
Statement of responsibility, etc. Halil Bora
250 ## - EDITION STATEMENT
Edition statement 1. bs.
260 ## - PUBLICATION, DISTRIBUTION, ETC.
Place of publication, distribution, etc. İstanbul :
Name of publisher, distributor, etc. Türkmen Kitabevi,
Date of publication, distribution, etc. 2009
300 ## - PHYSICAL DESCRIPTION
Extent 326 p.
650 #4 - SUBJECT ADDED ENTRY--TOPICAL TERM
Topical term or geographic name entry element Mühendislik ve Teknoloji
650 #4 - SUBJECT ADDED ENTRY--TOPICAL TERM
Topical term or geographic name entry element Engineering and Technology
650 #0 - SUBJECT ADDED ENTRY--TOPICAL TERM
Topical term or geographic name entry element Bilgisayar benzetimi.
650 #0 - SUBJECT ADDED ENTRY--TOPICAL TERM
Topical term or geographic name entry element Computer simulation.
650 #0 - SUBJECT ADDED ENTRY--TOPICAL TERM
Topical term or geographic name entry element Görsel algı
650 #0 - SUBJECT ADDED ENTRY--TOPICAL TERM
Topical term or geographic name entry element Visual perception
650 #0 - SUBJECT ADDED ENTRY--TOPICAL TERM
Topical term or geographic name entry element Üç boyutlu gösterme sistemleri.
650 #0 - SUBJECT ADDED ENTRY--TOPICAL TERM
Topical term or geographic name entry element Three-dimensional display systems.
650 #7 - SUBJECT ADDED ENTRY--TOPICAL TERM
Topical term or geographic name entry element COMPUTERS / Programming Languages / General
Source of heading or term bisacsh
856 40 - ELECTRONIC LOCATION AND ACCESS
Uniform Resource Identifier <a href="http://search.ebscohost.com/login.aspx?direct=true&scope=site&db=e011xww&AN=697807">http://search.ebscohost.com/login.aspx?direct=true&scope=site&db=e011xww&AN=697807</a>
Holdings
Withdrawn status Lost status Source of classification or shelving scheme Damaged status Not for loan Collection code Permanent Location Current Location Date acquired Total Checkouts Full call number Barcode Date last seen Price effective from Koha item type
        Online   Kıbrıs Amerikan Üniversitesi Kütüphanesi / American University of Cyprus Kıbrıs Amerikan Üniversitesi Kütüphanesi / American University of Cyprus 28.10.2020   TR897.7 B66 2009 697807 28.10.2020 28.10.2020 E-Kitap
Devinim Yazılım Eğitim Danışmanlık tarafından Koha'nın orjinal sürümü uyarlanarak geliştirilip kurulmuştur.